00708 a2200253 450000500170000000800410001702000180005804100070007604400080008309000140009110000200010510000240012510000220014911000610017111000600023224500800029225000170037226000120038926000090040126000090041030200080041965000120042799900150043920250723150536.0250723b |||||||| |||| 00| 0 eng d a9782917074275 aFr aCIV bDG/N/3076 aAKANVOU, Louise aBOKA, Atte Archange aSORO, Tieregniman aCentre National de Recherche AgronomiquebCt̥e d'Ivoire bCote d'IvoireaCentre National de Recherche Agronomique aRepertoire des varietes ameliorees de cultures arboricoles et industrielles aEdition 2025 aAbidjan bCNRA c2025 a p. 2AGROVOC c5946d5946